000 00659nam a2200205 a 4500
001 000021269
003 OSt
005 20240409073639.0
008 100903t1958 ag 001 0bspa d
040 _aDO-SdBNP
_bspa
_cBNPHU
082 _a923.17293053
_bT866os
100 1 _aOsorio Lizarazo, J. A.,
_q (José Antonio)
_d1900-1964
_922545
245 1 0 _aAsí es Trujillo /
_cJ. A. Osorio Lizarazo.
260 _aBuenos Aires :
_bArtes Gráficas,
_c1958.
300 _a159 p. ;
_c21 cm.
590 _aInventariado, 2020/ YL
600 1 0 _aTrujillo Molina, Rafael Leónidas,
_d 1891-1961
_976764
910 _aValidado. Control de calidad EMS.
942 _2ddc
_cLBS1
999 _c20769
_d20769